000
00310nam a22001217a 4500
008
170525b xxu||||| |||| 00| 0 eng d
041
_a
eng
080
_a
62
100
_a
26
101
_a
IM
245
_a
INFORMATION AND INFORMATION STABILITY OF RANDOM VARIABLES AND PROCESSES
_c
PINSKER,M.S
942
_2
udc
_c
BK
999
_c
14207
_d
14207